<?xml version="1.0" encoding="UTF-8"?>
<record
    xmlns:xsi="http://www.w3.org/2001/XMLSchema-instance"
    xsi:schemaLocation="http://www.loc.gov/MARC21/slim http://www.loc.gov/standards/marcxml/schema/MARC21slim.xsd"
    xmlns="http://www.loc.gov/MARC21/slim">

  <leader>04746cam a2200301   4500500</leader>
  <controlfield tag="005">20260322004209.0</controlfield>
  <datafield tag="041" ind1=" " ind2=" ">
    <subfield code="a">fre</subfield>
  </datafield>
  <datafield tag="042" ind1=" " ind2=" ">
    <subfield code="a">dc</subfield>
  </datafield>
  <datafield tag="100" ind1="1" ind2="0">
    <subfield code="a">Pachoud, Carine</subfield>
    <subfield code="e">author</subfield>
  </datafield>
  <datafield tag="700" ind1="1" ind2="0">
    <subfield code="a">Koop, Kirsten</subfield>
    <subfield code="e">author</subfield>
  </datafield>
  <datafield tag="245" ind1="0" ind2="0">
    <subfield code="a">Comment analyser les transformations soutenables dans les territoires ? Application de la perspective multidimensionnelle de transformation territoriale au C&#x153;ur des Bauges</subfield>
  </datafield>
  <datafield tag="260" ind1=" " ind2=" ">
    <subfield code="c">2024.
							</subfield>
  </datafield>
  <datafield tag="500" ind1=" " ind2=" ">
    <subfield code="a">65</subfield>
  </datafield>
  <datafield tag="520" ind1=" " ind2=" ">
    <subfield code="a">Societal transformations are spatially situated and depend on the contexts in which they take place. The spatial approach through the prism of territory seems particularly fruitful for understanding and analysing the conditions and expressions of transformations towards sustainability, and for contributing to a geography of sustainability transitions. This article proposes to test a multidimensional conceptual framework of territorial transformations (Pachoud et al., 2022), while analysing the dynamics of transformation of the agri-food system in the C&#x153;ur des Bauges in Savoie (France). This framework proposes to understand territorial transformation through the prism of the three fundamental dimensions of territory (ideal, material and political) and their interactions. Our case study incorporates these three dimensions. The results allowed to add a significant nuance to this heuristic framework. On the one hand, we characterised a dominant conventional territoriality, focused on dairy farming to produce the Tome des Bauges PDO cheese in its materiality, identity and rules. On the other hand, we identified an emerging alternative territoriality which, although heterogeneous, is characterised by a common effort to diversify production, respect the environment (organic farming) and aim for greater food autonomy. Although still marginal, this alternative territoriality is marked by its own imaginaries, a specific material expression in space as well as by forms of organisation that diverge from the dominant one. In order to identify and support territorial transformations, this article proposes to analyse the tensions, conflicts, complementarities and convergences between these territorialities, in terms of ideals, materialities and politics.</subfield>
  </datafield>
  <datafield tag="520" ind1=" " ind2=" ">
    <subfield code="a">Les transformations soci&#xE9;tales sont situ&#xE9;es dans l&#x2019;espace et d&#xE9;pendent des contextes dans lesquels elles se d&#xE9;ploient. L&#x2019;approche territoriale nous appara&#xEE;t particuli&#xE8;rement f&#xE9;conde pour comprendre et analyser les conditions et expressions des transformations vers la soutenabilit&#xE9;, et pour contribuer &#xE0; une g&#xE9;ographie des transitions soutenables. Cet article propose de mettre &#xE0; l&#x2019;&#xE9;preuve un cadre conceptuel multidimensionnel des transformations territoriales (Pachoud et al., 2022), en le mobilisant pour analyser les dynamiques de transformation du syst&#xE8;me agri-alimentaire dans le C&#x153;ur des Bauges situ&#xE9; en Savoie. Ce cadre propose d&#x2019;appr&#xE9;hender la transformation territoriale au prisme des trois dimensions fondamentales du territoire (id&#xE9;elle, mat&#xE9;rielle et politique) et de leurs interactions. L&#x2019;analyse de notre &#xE9;tude de cas int&#xE8;gre ces trois dimensions territoriales. Les r&#xE9;sultats nous ont permis d&#x2019;apporter une nuance notable &#xE0; ce cadre heuristique. D&#x2019;une part, nous avons pu caract&#xE9;riser une territorialit&#xE9; conventionnelle dominante, tourn&#xE9;e vers l&#x2019;&#xE9;levage bovin lait pour produire de la tome des Bauges AOP dans sa mat&#xE9;rialit&#xE9;, son identit&#xE9; et ses r&#xE8;gles. D&#x2019;autre part, nous avons identifi&#xE9; une territorialit&#xE9; alternative &#xE9;mergente, qui, bien qu&#x2019;h&#xE9;t&#xE9;rog&#xE8;ne, se caract&#xE9;rise par un effort commun de diversification des productions, de respect de l&#x2019;environnement (agriculture biologique) et un objectif de plus grande autonomie alimentaire locale. Encore marginale, cette territorialit&#xE9; alternative est marqu&#xE9;e par des imaginaires propres, une expression mat&#xE9;rielle dans l&#x2019;espace et une organisation qui diverge de celle dominante. Afin de pouvoir cerner et accompagner les transformations territoriales, cet article propose d&#x2019;analyser les tensions, conflits, compl&#xE9;mentarit&#xE9;s et convergences entre ces territorialit&#xE9;s, autant sur le plan id&#xE9;el, mat&#xE9;riel que politique.</subfield>
  </datafield>
  <datafield tag="690" ind1=" " ind2=" ">
    <subfield code="a">agri-alimentaire</subfield>
  </datafield>
  <datafield tag="690" ind1=" " ind2=" ">
    <subfield code="a">gouvernance territoriale</subfield>
  </datafield>
  <datafield tag="690" ind1=" " ind2=" ">
    <subfield code="a">imaginaire</subfield>
  </datafield>
  <datafield tag="690" ind1=" " ind2=" ">
    <subfield code="a">ressources</subfield>
  </datafield>
  <datafield tag="690" ind1=" " ind2=" ">
    <subfield code="a">transformation territoriale</subfield>
  </datafield>
  <datafield tag="690" ind1=" " ind2=" ">
    <subfield code="a">agri-food</subfield>
  </datafield>
  <datafield tag="690" ind1=" " ind2=" ">
    <subfield code="a">imaginary</subfield>
  </datafield>
  <datafield tag="690" ind1=" " ind2=" ">
    <subfield code="a">resources</subfield>
  </datafield>
  <datafield tag="690" ind1=" " ind2=" ">
    <subfield code="a">territorial governance</subfield>
  </datafield>
  <datafield tag="690" ind1=" " ind2=" ">
    <subfield code="a">territorial transformation</subfield>
  </datafield>
  <datafield tag="786" ind1="0" ind2=" ">
    <subfield code="n">G&#xE9;ographie, &#xE9;conomie, soci&#xE9;t&#xE9; | 26 | 2-3 | 2024-04-17 | p. 301-323 | 1295-926x</subfield>
  </datafield>
  <datafield tag="856" ind1="4" ind2="1">
    <subfield code="u">https://shs.cairn.info/revue-geographie-economie-societe-2024-2-page-301?lang=fr&amp;redirect-ssocas=7080</subfield>
  </datafield>
  <datafield tag="999" ind1=" " ind2=" ">
    <subfield code="c">1738264</subfield>
    <subfield code="d">1738264</subfield>
  </datafield>
</record>
